Strong points with famous Battles / (Record no. 185122)

000 -LEADER
fixed length control field 00783 a2200193 4500
003 - CONTROL NUMBER IDENTIFIER
control field Nust
005 - DATE AND TIME OF LATEST TRANSACTION
control field 20221227130945.0
010 ## - LIBRARY OF CONGRESS CONTROL NUMBER
LC control number 86214634
020 ## - INTERNATIONAL STANDARD BOOK NUMBER
International Standard Book Number 0500013772 :
040 ## - CATALOGING SOURCE
Transcribing agency Nust
082 00 - DEWEY DECIMAL CLASSIFICATION NUMBER
Classification number 355.02,ANJ
100 1# - MAIN ENTRY--PERSONAL NAME
Personal name Anjum .M. H
9 (RLIN) 106053
245 10 - TITLE STATEMENT
Title Strong points with famous Battles /
Statement of responsibility, etc. Maj M.H. Anjum Aec
260 ## - PUBLICATION, DISTRIBUTION, ETC.
Place of publication, distribution, etc. Rawalpindi
Name of publisher, distributor, etc. Army Education Press
Date of publication, distribution, etc. c1985.
300 ## - PHYSICAL DESCRIPTION
Extent 598:p :
Other physical details ill. ;
Dimensions 23 cm.
505 ## - FORMATTED CONTENTS NOTE
Formatted contents note Introduction to Fortifications (Page-1), Ancient and Mediaeval Fortifications (Page-32), Field Fortifications (Page-49), Development of For tifications of world War II (Page-49), Development of Fortifications in Pakistan (Page-70) Fortfication in the Limited Wars (Page-84).
650 ## - SUBJECT ADDED ENTRY--TOPICAL TERM
Topical term or geographic name entry element Strong points
9 (RLIN) 106054
942 ## - ADDED ENTRY ELEMENTS (KOHA)
Source of classification or shelving scheme
Koha item type Book
Call number prefix 355.02,ANJ
Holdings
Withdrawn status Lost status Source of classification or shelving scheme Damaged status Not for loan Collection code Permanent Location Current Location Date acquired Total Checkouts Full call number Barcode Date last seen Price effective from Koha item type
            Military College of Signals (MCS) Military College of Signals (MCS) 12/12/2016   355.02 ANJ MCS21693 12/08/2016 12/12/2016 Book
© 2023 Central Library, National University of Sciences and Technology. All Rights Reserved.